000 00861nam a2200253Ia 4500
003 OSt
005 20220923215107.0
006 a|||||r|||| 00| 0
007 ta
008 220922b |||||||| |||| 00| 0 hin d
024 _a175,491
037 _cTextual
040 _aARTS
_cARTS
_bhin
041 _2hin
_ahin
082 _aO152(Y11):g, M5
100 _aश्री प्रसाद
_9156291
245 0 _aहिन्दी बाल साहित्य की रूपरेखा
246 _aHindī bāl sāhitya kī rūparekhā
260 _aइलाहाबाद
_b लोकभारती प्रकाशन
_c1985
300 _a295 पृ.
_ccm.
650 _aहिन्दी साहित्य
_9156264
942 _hO152(Y11):g, M5
_cTEXL
_2CC
999 _c329195
_d329195